Statistics for Languages of the United Kingdom

Click here to take the quiz!

General Stats

  • This quiz has been taken 29,879 times
  • The average score is 13 of 28

Answer Stats

Language % Correct
English
99%
French
91%
Scottish Gaelic
89%
Irish
88%
Spanish
87%
Welsh
86%
German
85%
Chinese
75%
Italian
72%
Polish
70%
Portuguese
68%
Arabic
67%
Urdu
43%
Turkish
39%
Cornish
37%
Romanian
37%
Persian
28%
Bengali
25%
Punjabi
24%
Filipino
23%
Shelta
21%
Tamil
19%
Scots
19%
Lithuanian
16%
Gujarati
12%
British Sign Language
7%
Somali
7%
Angloromani
3%

Score Distribution

Percentile by Number Answered

Percent of People with Each Score

Your Score History

You have not taken this quiz